Southville International School and Colleges
Your cart is empty.
  • Cart
  • Lists
    Public lists Eva Luna New books Lux_list list_1
    Your lists Log in to create your own lists
  • Log in to your account
  • Your cookies
  • Search history
Southville International School and Colleges
  • Advanced search
  • Recent comments
  • Most popular
  • Libraries

Log in to your account

Log in with GOOGLE


If you do not have an external account, but do have a local account, you can still log in:

  1. Home
  2. MARC view: Substance use disorders and addictions /
Normal view MARC view ISBD view

Substance use disorders and addictions / (Record no. 367584)

[ view plain ]
MARC details
000 -LEADER
fixed length control field 00743nam a22002297a 4500
003 - CONTROL NUMBER IDENTIFIER
control field 0
005 - DATE AND TIME OF LATEST TRANSACTION
control field 20250822151135.0
008 - FIXED-LENGTH DATA ELEMENTS--GENERAL INFORMATION
fixed length control field 250822b xxu||||| |||| 00| 0 eng d
020 ## - INTERNATIONAL STANDARD BOOK NUMBER
International Standard Book Number 978-1-0718-8508-6
050 ## - LIBRARY OF CONGRESS CALL NUMBER
Classification number RC 564
Item number .M67 2025
100 ## - MAIN ENTRY--PERSONAL NAME
Personal name Morgen, Keith,
Relator term author.
245 ## - TITLE STATEMENT
Title Substance use disorders and addictions /
Statement of responsibility, etc Keith Morgen.
250 ## - EDITION STATEMENT
Edition statement 2nd ed.
260 ## - PUBLICATION, DISTRIBUTION, ETC. (IMPRINT)
Place of publication, distribution, etc Thousand Oaks, California :
Name of publisher, distributor, etc Sage,
Date of publication, distribution, etc 2025.
300 ## - PHYSICAL DESCRIPTION
Extent xxiii, 342 pages :
Other physical details illustrations ;
Dimensions 23 cm.
504 ## - BIBLIOGRAPHY, ETC. NOTE
Bibliography, etc Includes bibliographical references and index.
650 ## - SUBJECT ADDED ENTRY--TOPICAL TERM
Topical term or geographic name as entry element Substance abuse
General subdivision Treatment.
650 ## - SUBJECT ADDED ENTRY--TOPICAL TERM
Topical term or geographic name as entry element Substance abuse
General subdivision Prevention.
650 ## - SUBJECT ADDED ENTRY--TOPICAL TERM
Topical term or geographic name as entry element Addicts
General subdivision Rehabilitation.
650 ## - SUBJECT ADDED ENTRY--TOPICAL TERM
Topical term or geographic name as entry element Drug abuse
General subdivision Psychological aspects.
942 ## - ADDED ENTRY ELEMENTS (KOHA)
Source of classification or shelving scheme Library of Congress Classification
Koha item type Books
Holdings
Withdrawn status Lost status Source of classification or shelving scheme Damaged status Home library Current library Shelving location Date acquired Source of acquisition Sub Shelving location Total Checkouts Full call number Barcode Date last seen Price effective from Koha item type
    Library of Congress Classification   College Library College Library Reserve Section 06/04/2025 Library Fund     RC 564 .M67 2025 C24685 08/22/2025 08/22/2025 Books

Substance use disorders and addictions /

APA

Morgen K., . (2025). Substance use disorders and addictions. Thousand Oaks, California: Sage.

Chicago

Morgen Keith, . 2025. Substance use disorders and addictions. Thousand Oaks, California: Sage.

Harvard

Morgen K., . (2025). Substance use disorders and addictions. Thousand Oaks, California: Sage.

MLA

Morgen Keith, . Substance use disorders and addictions. Thousand Oaks, California: Sage. 2025.

  • Place hold
  • Print
  • Cite
  • Add to your cart (remove)
  • Save record
    BIBTEX Dublin Core MARCXML MARC (non-Unicode/MARC-8) MARC (Unicode/UTF-8) MARC (Unicode/UTF-8, Standard) MODS (XML) RIS
  • More searches
    Search for this title in:
    Other Libraries (WorldCat) Other Databases (Google Scholar) Online Stores (Bookfinder.com) Open Library (openlibrary.org)

Exporting to Dublin Core...

SOUTHVILLE LIBRARY

Southville International School and Colleges Library

1281 Tropical Ave. Cor. Luxembourg St., BF Homes International, Las Pinas City

Tel. No. 8256374 / 252358 Loc. 117/146

Powered by Koha